[Event "Challenge"]
[Site "http://www.queenalice.com/game.php?id=317394"]
[Date "2007.12.9"]
[Round "-"]
[White "DJLeon"]
[Black "flo93livry"]
[Result "0-1"]
[WhiteElo "1377"]
[BlackElo "1611"]

1. d4 Nf6 2. Nf3 e6 3. Bf4 d5 4. e3 c5 5. Bb5+ Bd7 6. Nc3 a6 7. Bxd7+ Nbxd7 8.
Ne5 cxd4 9. exd4 Bb4 10. a3 Bxc3+ 11. bxc3 Nxe5 12. dxe5 Ne4 13. Qd4 Rc8 14. Rb1
Qc7 15. Rb3 Nxc3 16. O-O Ne2+ 17. Kh1 Nxd4 18. Rb4 Ne2 19. Be3 Qxc2 20. Rxb7 d4
21. Bf4 Nxf4 22. g3 Qc1 23. Kg1 Qxf1+ 24. Kxf1 Rc1# 0-1

[Event "Challenge"]
[Site "http://www.queenalice.com/game.php?id=317739"]
[Date "2007.12.10"]
[Round "-"]
[White "flo93livry"]
[Black "pony"]
[Result "0-1"]
[WhiteElo "1643"]
[BlackElo "1500"]

1. e4 g6 2. c3 Bg7 3. d4 c6 4. Bd3 d5 5. e5 f6 6. f4 Nh6 7. h3 fxe5 8. fxe5 O-O
9. Nf3 Bf5 10. Be3 Qb6 11. b3 Na6 12. O-O Nc7 13. Bg5 Rae8 14. Bxf5 Nxf5 15. Nh4
Bxe5 16. Nxf5 Rxf5 17. Rxf5 gxf5 18. Qf3 e6 19. Kh1 Bg7 20. Qg3 Kh8 21. Nd2 e5
22. Re1 e4 23. Qd6 Nb5 24. Qd7 Rg8 25. Qxf5 Nxc3 26. Bf6 Qc7 27. Re3 Nb5 28. Be5
Bxe5 29. dxe5 Qg7 30. Nf1 Qxg2# 0-1

[Event "Challenge"]
[Site "http://www.queenalice.com/game.php?id=317896"]
[Date "2007.12.10"]
[Round "-"]
[White "RAFAELI"]
[Black "flo93livry"]
[Result "0-1"]
[WhiteElo "1593"]
[BlackElo "1656"]

1. Nf3 Nc6 2. Nc3 e5 3. Nd5 f5 4. c4 Nf6 5. Nxf6+ Qxf6 6. d3 Bc5 7. e3 d6 8. a3
a5 9. h4 Be6 10. Ng5 h6 11. Nxe6 Qxe6 12. Qa4 O-O 13. Qb5 Rab8 14. Rh3 f4 15.
Rf3 Qg4 16. exf4 exf4 17. d4 Nxd4 18. Qxa5 Nxf3+ 19. gxf3 Qxf3 20. Qd2 Rfe8+ 21.
Be2 Rxe2+ 22. Qxe2 Qxe2+ 23. Kxe2 Re8+ 24. Kf1 g5 25. b4 Bd4 26. Ra2 Kf7 27.
hxg5 hxg5 28. Rd2 Bf6 29. f3 Re3 30. Rf2 Rc3 31. Bd2 Rxc4 32. Rh2 Kg6 33. Rg2
Rc2 34. Ke1 Bc3 35. Kd1 Rxd2+ 36. Rxd2 Bxd2 37. Kxd2 Kf5 38. Ke2 b5 39. Kd3 g4
40. fxg4+ Kxg4 41. Ke2 f3+ 42. Kf2 d5 43. Ke3 Kg3 44. Kd4 f2 45. Kxd5 f1=Q 46.
Kc5 Qc4# 0-1

[Event "Challenge"]
[Site "http://www.queenalice.com/game.php?id=318222"]
[Date "2007.12.11"]
[Round "-"]
[White "flo93livry"]
[Black "lucasalex"]
[Result "1-0"]
[WhiteElo "1634"]
[BlackElo "1512"]

1. e4 e5 2. Nf3 Nc6 3. Bc4 Nf6 4. Nc3 Bc5 5. d3 O-O 6. Bg5 Na5 7. Nxe5 Nxc4 8.
Nxc4 Be7 9. O-O d5 10. Bxf6 dxc4 11. Bxe7 Qxe7 12. d4 b6 13. Qe2 Ba6 14. Nd5 Qd8
15. c3 c6 16. Nb4 Bb5 17. a4 a5 18. axb5 axb4 19. Qxc4 bxc3 20. bxc3 c5 21. dxc5
bxc5 22. Qxc5 Qc8 23. Qxc8 Rfxc8 24. b6 Rab8 25. Rfb1 Rxc3 26. b7 Rd3 27. Ra8
Rdd8 28. Rxb8 Rxb8 29. Rc1 f5 30. Rc8+ 1-0

[Event "Challenge"]
[Site "http://www.queenalice.com/game.php?id=320386"]
[Date "2007.12.15"]
[Round "-"]
[White "flo93livry"]
[Black "cyrilledeLePin"]
[Result "1-0"]
[WhiteElo "1566"]
[BlackElo "1205"]

1. e4 e6 2. d4 d5 3. exd5 exd5 4. Bd3 Nf6 5. c3 c5 6. h3 Nc6 7. Nf3 c4 8. Bg5
cxd3 9. Qxd3 Qe7+ 10. Kd1 h6 11. Re1 Be6 12. Bh4 g5 13. Bg3 Ne4 14. Nbd2 Nxg3
15. fxg3 O-O-O 16. g4 Qd6 17. Kc2 Qg3 18. Re2 Bd6 19. a4 Rde8 20. a5 f5 21. gxf5
Bd7 22. a6 b6 23. f6 Rxe2 24. Qxe2 Bf5+ 25. Kb3 Na5+ 26. Rxa5 bxa5 27. Qb5 Qxg2
28. Qc6+ Bc7 29. Qb7+ Kd7 30. Qxd5+ Bd6 31. Ne5+ Ke8 32. Qxg2 Bxe5 33. dxe5 Be6+
34. Ka3 1-0

[Event "Challenge"]
[Site "http://www.queenalice.com/game.php?id=320690"]
[Date "2007.12.15"]
[Round "-"]
[White "Danilo"]
[Black "flo93livry"]
[Result "0-1"]
[WhiteElo "1664"]
[BlackElo "1595"]

1. e4 c5 2. Bc4 Nc6 3. Nf3 e6 4. d3 d6 5. Nc3 Nf6 6. Bg5 Be7 7. h3 a6 8. a3 b5
9. Bb3 O-O 10. g4 Bb7 11. d4 cxd4 12. Nxd4 Qb6 13. Nxc6 Bxc6 14. Be3 Qc7 15. Qd3
Rfd8 16. O-O-O Qb7 17. f3 Rac8 18. Ne2 d5 19. e5 Nd7 20. f4 d4 21. Bxd4 Bxh1 22.
Rxh1 Qxh1+ 23. Kd2 Nc5 24. Qe3 Ne4+ 25. Kd3 Nc5+ 26. Kd2 Nxb3+ 27. Qxb3 Qg2 28.
c3 Bc5 29. Kc2 Bxd4 30. a4 Qxe2+ 31. Kb1 Bxc3 32. bxc3 Rd1+ 0-1

[Event "defi contre un ptio gars du 93"]
[Site "http://www.queenalice.com/game.php?id=321502"]
[Date "2007.12.17"]
[Round "-"]
[White "fabrice8989"]
[Black "flo93livry"]
[Result "1-0"]
[WhiteElo "1671"]
[BlackElo "1628"]

1. e4 c6 2. d4 d5 3. exd5 cxd5 4. Nc3 e6 5. a3 Bd6 6. Nf3 Nc6 7. Bb5 a6 8. Bxc6+
bxc6 9. Ne5 Qc7 10. Bf4 f6 11. Qh5+ Kf8 12. Ng6+ hxg6 13. Bxd6+ Qxd6 14. Qxh8 e5
15. O-O-O Rb8 16. Qh4 Bf5 17. g4 Be4 18. Nxe4 dxe4 19. dxe5 Qxe5 20. c3 e3 21.
Rhe1 Qb5 22. b4 e2 23. Rd2 Qc4 24. Qg3 Qb3 25. Qxb8+ 1-0

[Event "Challenge"]
[Site "http://www.queenalice.com/game.php?id=322276"]
[Date "2007.12.18"]
[Round "-"]
[White "flo93livry"]
[Black "pouet49"]
[Result "0-1"]
[WhiteElo "1680"]
[BlackElo "1838"]

1. e4 c5 2. Nf3 Nc6 3. d4 cxd4 4. Nxd4 g6 5. Nc3 Bg7 6. Be3 Nf6 7. Bc4 O-O 8.
Qe2 Nxe4 9. Nxe4 Nxd4 10. Bxd4 Bxd4 11. c3 Bg7 12. O-O-O Qa5 13. Qf3 d6 14. Ng5
Qxg5+ 15. Kb1 Bg4 16. Qg3 Be5 17. h4 Qh5 18. f4 Bxf4 19. Qxf4 Bxd1 0-1

[Event "Challenge"]
[Site "http://www.queenalice.com/game.php?id=322904"]
[Date "2007.12.19"]
[Round "-"]
[White "Ditto"]
[Black "flo93livry"]
[Result "0-1"]
[WhiteElo "1683"]
[BlackElo "1675"]

1. e4 c6 2. Nf3 d5 3. exd5 cxd5 4. d4 Bf5 5. Nc3 e6 6. Bb5+ Nc6 7. Ne5 Rc8 8. a3
Bd6 9. Qe2 Nf6 10. Bg5 h6 11. Bh4 a6 12. Ba4 b5 13. Nxc6 Rxc6 14. Bb3 Be7 15.
Bg3 O-O 16. Be5 Ng4 17. Nd1 Nxe5 18. Qxe5 Bd6 19. Qe2 Qg5 20. Ne3 Rcc8 21. c3
Bf4 22. Bd1 Be4 23. Qg4 Bxe3 24. Qxg5 Bxg5 25. f3 Bd3 26. g3 Rfe8 27. Bb3 Rcd8
28. f4 Bf6 29. Kd2 Bc4 30. Bc2 b4 31. axb4 Ra8 32. h4 Bd8 33. Rae1 a5 34. bxa5
Rxa5 35. g4 Ra2 36. g5 h5 37. Rb1 Bc7 38. f5 exf5 39. Bxf5 Re2+ 40. Kd1 Rexb2
41. Re1 Bb3+ 42. Kc1 Bf4+ 0-1

[Event "Challenge"]
[Site "http://www.queenalice.com/game.php?id=333124"]
[Date "2008.1.8"]
[Round "-"]
[White "bish"]
[Black "flo93livry"]
[Result "0-1"]
[WhiteElo "1606"]
[BlackElo "1686"]

1. e4 e5 2. Nf3 Nc6 3. Bc4 Nf6 4. Ng5 Bc5 5. Nxf7 Bxf2+ 6. Kxf2 Nxe4+ 7. Ke3 Qe7
8. Nxh8 d5 9. Bxd5 Qc5+ 10. Kxe4 Qd4+ 11. Kf3 Bg4+ 12. Kg3 Qf4+ 0-1

[Event "Challenge"]
[Site "http://www.queenalice.com/game.php?id=335100"]
[Date "2008.1.12"]
[Round "-"]
[White "chicalleje"]
[Black "flo93livry"]
[Result "0-1"]
[WhiteElo "1626"]
[BlackElo "1664"]

1. e4 e5 2. Nf3 Nc6 3. Bc4 Nf6 4. Ng5 Bc5 5. Nxf7 Bxf2+ 6. Kf1 Qe7 7. Nxh8 d5 8.
Bxd5 Bg4 9. Qxg4 Nxg4 10. d3 O-O-O 11. Nf7 Rf8 0-1

[Event "Challenge"]
[Site "http://www.queenalice.com/game.php?id=338826"]
[Date "2008.1.19"]
[Round "-"]
[White "flo93livry"]
[Black "cyrilledeLePin"]
[Result "0-1"]
[WhiteElo "1705"]
[BlackElo "1565"]

1. e4 e6 2. d4 d5 3. e5 c5 4. c3 Qb6 5. Nf3 Nc6 6. a3 a5 7. Be2 Nge7 8. dxc5
Qxc5 9. Be3 d4 10. cxd4 Qd5 11. Nc3 Qd8 12. O-O Nf5 13. Bb5 Bd7 14. g4 Nxe3 15.
fxe3 Be7 16. e4 O-O 17. Bxc6 Bxc6 18. d5 exd5 19. exd5 Bd7 20. Nd4 Bc5 21. Kh1
Bxd4 22. Qxd4 Qg5 23. h3 Rfd8 24. Rae1 Ra6 25. Ne4 Qh4 26. Nc5 Qxh3+ 27. Kg1
Qg3+ 0-1

[Event "enzoiazo"]
[Site "http://www.queenalice.com/game.php?id=338956"]
[Date "2008.1.19"]
[Round "1"]
[White "lesangesleader"]
[Black "flo93livry"]
[Result "0-1"]
[WhiteElo "1556"]
[BlackElo "1697"]

1. Nf3 d5 2. d4 Nf6 3. c4 e6 4. Nc3 b6 5. cxd5 exd5 6. a3 Bb7 7. Bg5 Be7 8. e3
O-O 9. Be2 c5 10. O-O cxd4 11. Nxd4 Nc6 12. Rc1 Nxd4 13. Qxd4 Rc8 14. Rfd1 h6
15. Bxf6 Bxf6 16. Qd2 Rc5 17. Na2 Rxc1 18. Rxc1 d4 19. exd4 Qd5 20. Bf3 Qd7 21.
Bxb7 Qxb7 22. Nb4 Rd8 23. d5 Be5 24. Nc6 Re8 25. Nxe5 Rxe5 26. d6 Rd5 27. Qb4
Qd7 28. Rc7 Rd1+ 0-1

[Event "enzoiazo"]
[Site "http://www.queenalice.com/game.php?id=367588"]
[Date "2008.3.8"]
[Round "2"]
[White "From77fr"]
[Black "flo93livry"]
[Result "1-0"]
[WhiteElo "2098"]
[BlackElo "1700"]

1. d4 Nf6 2. Nf3 e6 3. c4 d5 4. Nc3 b6 5. Bg5 Be7 6. e3 Bb7 7. Rc1 a6 8. Bd3
Nbd7 9. a3 O-O 10. Bf4 c5 11. O-O Nh5 12. Be5 Nhf6 13. b3 Ne4 14. Bb1 Ndf6 15.
Qc2 h6 16. Nxe4 Nxe4 17. Nd2 Rc8 18. f3 f5 19. fxe4 dxe4 20. Rcd1 Qe8 21. Qb2
Qg6 22. b4 Ba8 23. dxc5 bxc5 24. b5 a5 25. Nb3 a4 26. Nc1 Bg5 27. Qe2 h5 28. Rd6
1-0

[Event "Challenge"]
[Site "http://www.queenalice.com/game.php?id=373324"]
[Date "2008.3.18"]
[Round "-"]
[White "killtochess"]
[Black "flo93livry"]
[Result "1-0"]
[WhiteElo "1891"]
[BlackElo "1710"]

1. e4 c5 2. Na3 e6 3. d3 Nc6 4. c3 Nf6 5. f4 d6 6. Nf3 a6 7. Be2 Be7 8. O-O Qc7
9. Kh1 b5 10. Nc2 O-O 11. Ne3 Bb7 12. g4 d5 13. e5 Nd7 14. d4 cxd4 15. cxd4 Nb6
16. f5 Nc4 17. b3 Nxe3 18. Bxe3 Rac8 19. Qe1 1-0

[Event "pony,"]
[Site "http://www.queenalice.com/game.php?id=421853"]
[Date "2008.6.23"]
[Round "-"]
[White "flo93livry"]
[Black "Philvd"]
[Result "0-1"]
[WhiteElo "1697"]
[BlackElo "2081"]

1. e4 d6 2. d4 Nf6 3. Nd2 Nc6 4. Ngf3 Bg4 5. Bb5 a6 6. Bxc6+ bxc6 7. e5 Nd7 8.
h3 Bh5 9. g4 Bg6 10. h4 h6 11. h5 Bh7 12. Nc4 e6 13. Bf4 d5 14. Ne3 Nb6 15. g5
Be4 16. Rh2 Qe7 17. gxh6 gxh6 18. Ng4 O-O-O 19. Nf6 Bxf3 20. Qxf3 Nd7 21. Ng4
Qb4+ 22. Qc3 Rg8 23. f3 Rh8 24. Qxb4 Bxb4+ 25. c3 Be7 26. O-O-O Bg5 27. Bxg5
hxg5 28. h6 Rh7 29. Rdh1 Rf8 30. Rh5 Rg8 31. Kd2 Kd8 32. Ke3 Ke7 33. Rg1 f5 34.
Nf2 Kf7 35. Nh3 Rhh8 36. Nxg5+ Ke7 37. f4 Nf8 38. h7 Rg7 39. Rh6 Kd7 40. Rg3 Ke7
41. b3 Kd7 42. Kf3 Ke7 43. Kf2 Kd7 44. Rgh3 Ke7 45. Rf6 Nxh7 46. Rxh7 Rgxh7 47.
Rxe6+ Kd7 48. Nxh7 Kxe6 49. Ng5+ Ke7 0-1

[Event "zegan13"]
[Site "http://www.queenalice.com/game.php?id=421854"]
[Date "2008.6.23"]
[Round "-"]
[White "flo93livry"]
[Black "fiddilydee"]
[Result "1-0"]
[WhiteElo "1709"]
[BlackElo "1259"]

1. e4 Nc6 2. d4 e6 3. Nf3 d5 4. e5 Nge7 5. Bg5 Ng6 6. Bxd8 Nxd8 7. Bd3 Nc6 8. c3
Nf4 9. g3 Ng2+ 10. Kf1 f6 11. Kxg2 Bd7 12. Nbd2 O-O-O 13. a4 g6 14. exf6 h5 15.
Re1 Bh6 16. Nh4 e5 17. Nxg6 Bf8 18. Nxh8 Bh6 19. Nf7 Bg4 20. f3 e4 21. fxg4 hxg4
22. Nxh6 1-0

[Event "camilleetgeorges"]
[Site "http://www.queenalice.com/game.php?id=421932"]
[Date "2008.6.23"]
[Round "-"]
[White "flo93livry"]
[Black "anetta007"]
[Result "1-0"]
[WhiteElo "1700"]
[BlackElo "1523"]

1. e4 c5 2. Nf3 d6 3. d4 cxd4 4. Nxd4 e5 5. Bb5+ Bd7 6. Bxd7+ Qxd7 7. Nf5 Nf6 8.
Nc3 g6 9. Ne3 Bg7 10. Ned5 Nxd5 11. Nxd5 Nc6 12. O-O O-O 13. h4 Ne7 14. Nc3 b6
15. h5 a5 16. Re1 Rac8 17. Re3 b5 18. Rh3 b4 19. Nd5 Nxd5 20. Qxd5 Rxc2 21. hxg6
hxg6 22. Qd3 Rfc8 23. Bh6 Qa7 24. Qg3 Rxb2 25. Bxg7 Rcc2 26. Rf1 Kxg7 27. Qh4
Qb6 28. Qh8# 1-0

[Event "camilleetgeorges"]
[Site "http://www.queenalice.com/game.php?id=421934"]
[Date "2008.6.23"]
[Round "-"]
[White "Philvd"]
[Black "flo93livry"]
[Result "1-0"]
[WhiteElo "1821"]
[BlackElo "1709"]

1. c4 d6 2. e4 g6 3. d4 Bg7 4. Nc3 Nd7 5. Be3 e6 6. Qd2 h6 7. f4 b6 8. Nf3 Bb7
9. Bd3 Ne7 10. O-O a6 11. Rf2 O-O 12. f5 Kh7 13. fxe6 fxe6 14. Raf1 c5 15. d5
exd5 16. Nxd5 Nxd5 17. exd5 Qe7 18. Re2 Qd8 19. Bf4 Nf6 20. Re6 b5 21. Rxd6 Qc8
22. Ne5 bxc4 23. Bxg6+ Kh8 24. Bxh6 Bxd5 25. Bxg7+ Kxg7 26. Qg5 Qc7 27. Bf7+ Kh7
28. Qg6+ Kh8 29. Qxf6+ Kh7 30. Qh6# 1-0

[Event "Challenge Livry"]
[Site "http://www.queenalice.com/game.php?id=427113"]
[Date "2008.7.4"]
[Round "-"]
[White "aragats"]
[Black "flo93livry"]
[Result "0-1"]
[WhiteElo "1780"]
[BlackElo "1695"]

1. f4 d6 2. Nf3 g6 3. g3 Nd7 4. Bg2 Bg7 5. Nc3 e6 6. b3 Ne7 7. Bb2 h6 8. Rb1 b6
9. O-O Bb7 10. Nb5 Bxb2 11. Rxb2 a6 12. Nc3 O-O 13. d4 Nf6 14. a4 c5 15. e3 Qc7
16. Ne2 Ned5 17. Qd2 Ne4 18. Qd3 Nb4 19. Qd1 Rad8 20. c3 Nd5 21. Qd3 Nef6 22.
Rc2 Ne7 23. h3 Be4 24. Qd2 Bxc2 25. Qxc2 Nf5 26. Kf2 d5 27. g4 Ne4+ 0-1